Welcome to WEB OPAC of MRSPTU Central Library

Controlled Drug Delivery : Fundamentals and Applications Volume 20 (Record no. 7158)

MARC details
000 -LEADER
fixed length control field 00495nam a2200181Ia 4500
008 - FIXED-LENGTH DATA ELEMENTS--GENERAL INFORMATION
fixed length control field 230711s9999||||xx |||||||||||||| ||und||
020 ## - INTERNATIONAL STANDARD BOOK NUMBER
International Standard Book Number 978-0-8247-7588-9
041 ## - LANGUAGE CODE
Language code of text/sound track or separate title ENG
082 ## - DEWEY DECIMAL CLASSIFICATION NUMBER
Classification number 615.191
Item number RO-C
100 ## - MAIN ENTRY--PERSONAL NAME
Personal name Robinson,Joseph R
245 #0 - TITLE STATEMENT
Title Controlled Drug Delivery : Fundamentals and Applications Volume 20
250 ## - EDITION STATEMENT
Edition statement 2nd Ed.
260 ## - PUBLICATION, DISTRIBUTION, ETC.
Date of publication, distribution, etc. 2009
Place of publication, distribution, etc. New York
Name of publisher, distributor, etc. Informa Healthcare Publications
300 ## - PHYSICAL DESCRIPTION
Extent 716p.
650 ## - SUBJECT ADDED ENTRY--TOPICAL TERM
Topical term or geographic name entry element Pharmacy
700 ## - ADDED ENTRY--PERSONAL NAME
Personal name Lee, Vincent H. L
942 ## - ADDED ENTRY ELEMENTS (KOHA)
Koha item type Book
Holdings
Withdrawn status Lost status Damaged status Not for loan Collection Home library Current library Date acquired Source of acquisition Cost, normal purchase price Inventory number Total checkouts Full call number Barcode Date last seen Price effective from Koha item type Date last checked out
          MRSPTU Central Library MRSPTU Central Library   Krishna Book Distributors 4695.00 KBD/2016-2017/962542808   615.191 RO-C P286 08/17/2023 08/17/2023 Book  
          MRSPTU Central Library MRSPTU Central Library   Krishna Book Distributors 4695.00 KBD/2016-2017/962542808   615.191 RO-C P287 08/17/2023 08/17/2023 Book  
          MRSPTU Central Library MRSPTU Central Library   Krishna Book Distributors 4695.00 KBD/2016-2017/962542808   615.191 RO-C P288 08/17/2023 08/17/2023 Book  
          MRSPTU Central Library MRSPTU Central Library 10/03/2043       1 615.191 RO-C P977 12/12/2025 08/17/2023 Book 12/11/2025
          MRSPTU Central Library MRSPTU Central Library 10/03/2043         615.191 RO-C P978 08/17/2023 08/17/2023 Book  
          MRSPTU Central Library MRSPTU Central Library 10/03/2043         615.191 RO-C P979 08/17/2023 08/17/2023 Book  

Website Designed and Developed by MRSPTU Central Library Team

E-mail Id: librarian@mrsptu.ac.in